[Event "Auckland Wade Memorial"]
[Site "Auckland"]
[Date "2025.01.16"]
[Round "5"]
[White "Song, Raymond"]
[Black "Gong, Daniel Hanwen"]
[Result "1/2-1/2"]
[WhiteElo "2505"]
[BlackElo "2191"]
[PlyCount "99"]
[EventDate "2025.01.13"]
[EventType "tourn"]
[EventRounds "9"]
[EventCountry "NZL"]
[EventCategory "4"]
[SourceTitle "CB04_2025"]
[SourceDate "2025.01.22"]
[SourceVersion "1"]
[SourceVersionDate "2025.01.22"]
[SourceQuality "1"]

1. e4 e5 2. Nf3 d6 3. d4 exd4 4. Nxd4 Nf6 5. Nc3 Be7 6. g3 0-0 7. Bg2 Re8 8. 0-0 c6 9. h3 Bf8 10. Bf4 Nbd7 11. Qd2 Ne5 12. b3 b5 13. g4 b4 14. Nce2 c5 15. Nf5 Bb7 16. Neg3 d5 17. Rad1 g6 18. Bxe5 Rxe5 19. Qf4 Qe8 20. Ne3 Nxe4 21. Nxd5 Bxd5 22. Rxd5 Rxd5 23. Qxe4 Qxe4 24. Bxe4 Rad8 25. Bxd5 Rxd5 26. Ne4 Be7 27. Re1 f5 28. gxf5 gxf5 29. Ng3 Kf7 30. Kg2 Bd6 31. Nf1 Bf4 32. Kf3 Rd4 33. a3 a5 34. axb4 axb4 35. Ra1 Bg5 36. Ra7+ Kg6 37. Rc7 Rd5 38. Ng3 h6 39. Rc6+ Kf7 40. Ne2 Ke7 41. h4 Bxh4 42. Rxh6 Bg5 43. Rc6 Kd7 44. Rg6 Bd2 45. Ng3 Bc3 46. Rg5 Rd2 47. Rxf5 Bd4 48. Ne2 Rxc2 49. Rd5+ Ke7 50. Nxd4 1/2-1/2

[Event "Olympiad-45"]
[Site "Budapest"]
[Date "2024.09.16"]
[Round "6.57"]
[White "Amarathunga, Kosala Sandeepa Cha"]
[Black "Song, Raymond"]
[Result "0-1"]
[WhiteElo "1956"]
[BlackElo "2503"]
[PlyCount "88"]
[EventDate "2024.09.11"]
[EventType "team-swiss"]
[EventRounds "11"]
[EventCountry "HUN"]
[SourceTitle "EXT 2025"]
[Source "ChessBase"]
[SourceDate "2024.10.14"]
[SourceVersion "1"]
[SourceVersionDate "2024.10.14"]
[SourceQuality "1"]
[WhiteTeam "Sri Lanka"]
[BlackTeam "Taiwan"]
[WhiteTeamCountry "SRI"]
[BlackTeamCountry "TPE"]

1. e4 c5 2. Nf3 e6 3. b3 b6 4. c4 Bb7 5. Nc3 Nf6 6. Bd3 Nc6 7. 0-0 d6 8. Bc2 Nd4 9. Re1 Be7 10. Nxd4 cxd4 11. Nb5 e5 12. d3 a6 13. Na3 0-0 14. f4 Bc6 15. Nb1 b5 16. Qf3 bxc4 17. dxc4 Nd7 18. Qg4 Bf6 19. f5 a5 20. Nd2 a4 21. Rb1 axb3 22. axb3 Ra2 23. Bd3 Nc5 24. Bf1 Bg5 25. Re2 Be3+ 26. Rxe3 dxe3 27. Nf3 Bxe4 28. Rb2 Rxb2 29. Bxb2 Qf6 30. Nh4 Rb8 31. Ba3 h5 32. Qxh5 Rxb3 33. Bxc5 dxc5 34. g4 Rb1 35. g5 e2 36. Qxe2 Qxg5+ 37. Ng2 Bxg2 38. Qxg2 Qxg2+ 39. Kxg2 e4 40. h3 Kh7 41. Be2 Kh6 42. Kg3 Kg5 43. Bg4 Rb3+ 44. Kf2 Kf4 0-1

[Event "Olympiad-45"]
[Site "Budapest"]
[Date "2024.09.15"]
[Round "5.36"]
[White "Song, Raymond"]
[Black "Rodriguez Vila, Andres"]
[Result "1/2-1/2"]
[WhiteElo "2503"]
[BlackElo "2417"]
[PlyCount "86"]
[EventDate "2024.09.11"]
[EventType "team-swiss"]
[EventRounds "11"]
[EventCountry "HUN"]
[SourceTitle "EXT 2025"]
[Source "ChessBase"]
[SourceDate "2024.10.14"]
[SourceVersion "1"]
[SourceVersionDate "2024.10.14"]
[SourceQuality "1"]
[WhiteTeam "Taiwan"]
[BlackTeam "Uruguay"]
[WhiteTeamCountry "TPE"]
[BlackTeamCountry "URU"]

1. e4 d5 2. exd5 Nf6 3. Nf3 Bg4 4. Bb5+ Nbd7 5. Nc3 a6 6. Be2 Nb6 7. 0-0 Nbxd5 8. Nxd5 Qxd5 9. h3 Bh5 10. d4 e6 11. c4 Qd8 12. Qb3 Rb8 13. Be3 Bd6 14. Rfd1 0-0 15. Rac1 c6 16. Qc2 Qc7 17. a3 a5 18. Qd2 Ne4 19. Qe1 a4 20. d5 exd5 21. cxd5 c5 22. Nd4 Bxe2 23. Qxe2 Rfe8 24. Nb5 Bh2+ 25. Kh1 Qe5 26. d6 Bf4 27. d7 Red8 28. Rc2 h6 29. Bxf4 Qxf4 30. Kg1 Qf5 31. g4 Qg6 32. Nc3 Ng5 33. Kh2 Nf3+ 34. Qxf3 Qxc2 35. Ne4 b6 36. Rd6 Rb7 37. Qf5 Kf8 38. Kg3 Qb3+ 39. f3 Qe3 40. h4 Qe1+ 41. Kg2 Qe2+ 42. Kg3 Qe1+ 43. Kg2 Qe2+ 1/2-1/2

[Event "Olympiad-45"]
[Site "Budapest"]
[Date "2024.09.14"]
[Round "4.56"]
[White "Song, Raymond"]
[Black "Kalidjo, Imaan"]
[Result "1-0"]
[WhiteElo "2503"]
[BlackElo "1934"]
[PlyCount "73"]
[EventDate "2024.09.11"]
[EventType "team-swiss"]
[EventRounds "11"]
[EventCountry "HUN"]
[SourceTitle "EXT 2025"]
[Source "ChessBase"]
[SourceDate "2024.10.14"]
[SourceVersion "1"]
[SourceVersionDate "2024.10.14"]
[SourceQuality "1"]
[WhiteTeam "Taiwan"]
[BlackTeam "Suriname"]
[WhiteTeamCountry "TPE"]
[BlackTeamCountry "SUR"]

1. d4 g6 2. e4 Bg7 3. Nf3 d6 4. Be2 Nf6 5. Nc3 c6 6. a4 Qc7 7. 0-0 0-0 8. h3 e5 9. dxe5 dxe5 10. Bc4 b6 11. Be3 Ba6 12. Qe2 Bxc4 13. Qxc4 Rc8 14. Rad1 a6 15. Qb3 c5 16. Nd5 Nxd5 17. Rxd5 Nc6 18. c3 h6 19. Rfd1 Rd8 20. Qc4 a5 21. Qb5 Rxd5 22. Rxd5 Kh7 23. Nd2 Bf8 24. Qd3 Rd8 25. Rxd8 Nxd8 26. Qb5 Qb7 27. f3 Bd6 28. Nc4 Bc7 29. Qd7 Qc6 30. Qe7 Ne6 31. Qxf7+ Ng7 32. b3 Bb8 33. h4 Bc7 34. Qe7 h5 35. Bg5 Kg8 36. Bf6 Ne6 37. Bxe5 1-0

[Event "Olympiad-45"]
[Site "Budapest"]
[Date "2024.09.13"]
[Round "3.31"]
[White "Hernandez Guerrero, Gilberto Eduardo"]
[Black "Song, Raymond"]
[Result "0-1"]
[WhiteElo "2482"]
[BlackElo "2503"]
[PlyCount "96"]
[EventDate "2024.09.11"]
[EventType "team-swiss"]
[EventRounds "11"]
[EventCountry "HUN"]
[SourceTitle "EXT 2025"]
[Source "ChessBase"]
[SourceDate "2024.10.14"]
[SourceVersion "1"]
[SourceVersionDate "2024.10.14"]
[SourceQuality "1"]
[WhiteTeam "Mexico"]
[BlackTeam "Taiwan"]
[WhiteTeamCountry "MEX"]
[BlackTeamCountry "TPE"]

1. e4 e5 2. Nf3 Nc6 3. Bb5 Nf6 4. d3 Bc5 5. Bxc6 dxc6 6. Nbd2 Be6 7. Qe2 Qd6 8. a3 a5 9. b3 h6 10. Bb2 Nd7 11. 0-0 0-0 12. h3 Rfe8 13. Rfd1 Qe7 14. Re1 Bd6 15. d4 exd4 16. Nxd4 Nf8 17. Nxe6 Qxe6 18. Qg4 Ng6 19. Rad1 b5 20. Nf3 Qxg4 21. hxg4 a4 22. b4 c5 23. bxc5 Bxc5 24. Rd5 Bf8 25. Rxb5 Rab8 26. Rxb8 Rxb8 27. Bd4 Nf4 28. Be5 Ne6 29. Ra1 Rb5 30. Kf1 f6 31. Bg3 Rc5 32. Rd1 Rc4 33. Rd3 Rxe4 34. Nd2 Rxg4 35. Rc3 h5 36. Bh2 c5 37. f3 Rd4 38. Ke1 Rh4 39. Bg3 Rh1+ 40. Kf2 h4 41. Bb8 Ra1 42. Ba7 Bd6 43. Ne4 Be5 44. Rc4 Bd4+ 45. Ke2 Rg1 46. Bxc5 Nf4+ 47. Kd2 Rxg2+ 48. Kd1 h3 0-1

[Event "Wch Blitz"]
[Site "Samarkand"]
[Date "2023.12.29"]
[Round "3"]
[White "Song, Raymond"]
[Black "Tregubenko, Nikolay"]
[Result "1-0"]
[WhiteElo "2503"]
[BlackElo "2017"]
[PlyCount "81"]
[EventDate "2023.12.29"]
[EventType "swiss (blitz)"]
[EventRounds "21"]
[EventCountry "UZB"]
[SourceTitle "CBM 217 Extra"]
[Source "ChessBase"]
[SourceDate "2024.01.31"]
[SourceVersion "1"]
[SourceVersionDate "2024.01.31"]
[SourceQuality "1"]

1. d4 Nf6 2. c4 g6 3. g3 Bg7 4. Bg2 0-0 5. Nc3 d6 6. Nf3 c6 7. e4 Nbd7 8. 0-0 e5 9. Re1 Qc7 10. h3 a5 11. Be3 Re8 12. Qc2 exd4 13. Nxd4 Nc5 14. b3 Nfd7 15. Rad1 h5 16. f4 Nf6 17. Bf2 Bd7 18. Nf3 Ne6 19. e5 dxe5 20. Nxe5 Rad8 21. f5 Nf8 22. Nxd7 N6xd7 23. fxg6 fxg6 24. Ne4 Ne5 25. Bc5 Nf7 26. Qf2 Rxd1 27. Rxd1 Ne6 28. Bb6 Qe7 29. Bxa5 c5 30. Bd2 Nd4 31. Kh1 Ne5 32. Bg5 Qc7 33. Nf6+ Bxf6 34. Qxf6 Qg7 35. Bd5+ Kh7 36. Rf1 Qxf6 37. Rxf6 Ra8 38. Rb6 Kg7 39. Rxb7+ Kf8 40. Bf6 Re8 41. Bg7# 1-0

[Event "Wch Rapid"]
[Site "Samarkand"]
[Date "2023.12.27"]
[Round "7"]
[White "Pichot, Alan"]
[Black "Song, Raymond"]
[Result "1-0"]
[WhiteElo "2651"]
[BlackElo "2503"]
[PlyCount "113"]
[EventDate "2023.12.26"]
[EventType "swiss (rapid)"]
[EventRounds "13"]
[EventCountry "UZB"]
[SourceTitle "CBM 217 Extra"]
[Source "ChessBase"]
[SourceDate "2024.01.31"]
[SourceVersion "1"]
[SourceVersionDate "2024.01.31"]
[SourceQuality "1"]

1. e4 c5 2. Nf3 d6 3. d4 cxd4 4. Nxd4 Nf6 5. Nc3 a6 6. Bd3 e5 7. Nde2 Be7 8. 0-0 Be6 9. f4 exf4 10. Nxf4 Nc6 11. b3 Ne5 12. Bb2 0-0 13. Qe1 Rc8 14. h3 Nfd7 15. Rd1 Bh4 16. Qe2 Qg5 17. Ncd5 Rfe8 18. c4 Nxd3 19. Qxd3 Ne5 20. Qe2 Bg3 21. Nh5 Bh4 22. Bc1 Qd8 23. Bf4 Bxd5 24. Rxd5 g6 25. Rfd1 Qe7 26. Ng3 Rc6 27. Qd2 Qe6 28. Ne2 Qc8 29. Nd4 Rc5 30. Rxd6 b5 31. cxb5 axb5 32. Kh1 Qa8 33. Qe2 Qb7 34. Rd5 Nd7 35. Qf3 Bf6 36. Rxc5 Nxc5 37. e5 Bxe5 38. Qxb7 Nxb7 39. Re1 f6 40. Nxb5 Kf7 41. Bxe5 fxe5 42. Rc1 Re7 43. Kg1 Rd7 44. Rc7 Rxc7 45. Nxc7 Nc5 46. Nd5 Ke6 47. Nc3 Nd3 48. Kf1 Kd6 49. Ke2 Nf4+ 50. Kf3 Ne6 51. b4 Nd4+ 52. Ke4 Nf5 53. a4 h5 54. a5 Nh4 55. a6 Kc7 56. Nd5+ Kb8 57. b5 1-0

[Event "Wch Rapid"]
[Site "Samarkand"]
[Date "2023.12.27"]
[Round "6"]
[White "Song, Raymond"]
[Black "Urazayev, Arystanbek"]
[Result "1-0"]
[WhiteElo "2503"]
[BlackElo "2472"]
[PlyCount "119"]
[EventDate "2023.12.26"]
[EventType "swiss (rapid)"]
[EventRounds "13"]
[EventCountry "UZB"]
[SourceTitle "CBM 217 Extra"]
[Source "ChessBase"]
[SourceDate "2024.01.31"]
[SourceVersion "1"]
[SourceVersionDate "2024.01.31"]
[SourceQuality "1"]

1. d4 d5 2. c4 e6 3. Nf3 Nf6 4. g3 Bb4+ 5. Bd2 Be7 6. Bg2 0-0 7. 0-0 c6 8. Qc2 Nbd7 9. Rd1 a5 10. Bf4 a4 11. h4 h6 12. Nbd2 Nh5 13. e3 Qa5 14. a3 Nxf4 15. exf4 b5 16. c5 b4 17. axb4 Qxb4 18. Ra3 Bf6 19. Nf1 Ba6 20. Rxa4 Qb7 21. Rda1 Bb5 22. Rxa8 Rxa8 23. Rxa8+ Qxa8 24. Ne3 Qa1+ 25. Bf1 Qa6 26. Bxb5 Qxb5 27. Qc3 Nb8 28. f5 exf5 29. Nxf5 Qe2 30. Kg2 Nd7 31. Nd6 Be7 32. Nf5 Bf8 33. b4 g6 34. Ne3 Bg7 35. Qc2 Qb5 36. h5 Nf8 37. hxg6 fxg6 38. Qd2 h5 39. Nc2 Qc4 40. Ne3 Qb3 41. Ng1 Qb1 42. Ne2 Qe4+ 43. f3 Qb1 44. Nf4 Bh6 45. Nd3 Ne6 46. Ne5 Bxe3 47. Qxe3 Qb2+ 48. Qf2 Qxd4 49. Nxc6 Qd3 50. Ne5 Qc3 51. Nxg6 d4 52. Qe2 Kf7 53. Ne5+ Kg7 54. Nd3 Kf7 55. c6 h4 56. b5 Kf6 57. Qe5+ Ke7 58. Nf4 Qc2+ 59. Kh3 Qb3 60. Nd5+ 1-0

[Event "Wch Rapid"]
[Site "Samarkand"]
[Date "2023.12.26"]
[Round "1"]
[White "Cheparinov, Ivan"]
[Black "Song, Raymond"]
[Result "1-0"]
[WhiteElo "2663"]
[BlackElo "2503"]
[PlyCount "173"]
[EventDate "2023.12.26"]
[EventType "swiss (rapid)"]
[EventRounds "13"]
[EventCountry "UZB"]
[SourceTitle "CBM 217 Extra"]
[Source "ChessBase"]
[SourceDate "2024.01.31"]
[SourceVersion "1"]
[SourceVersionDate "2024.01.31"]
[SourceQuality "1"]

1. e4 c5 2. Nf3 d6 3. Bb5+ Nd7 4. c3 Ngf6 5. Bd3 e6 6. 0-0 Be7 7. Re1 0-0 8. Bc2 b5 9. d4 Bb7 10. e5 Nd5 11. Qd3 g6 12. Qxb5 Qc7 13. exd6 Bxd6 14. Nbd2 cxd4 15. Ne4 dxc3 16. Nxd6 Qxd6 17. bxc3 Qc6 18. Qxc6 Bxc6 19. Nd4 Rac8 20. Ba3 Rfd8 21. c4 N5b6 22. Bb3 Ba8 23. Nb5 Nxc4 24. Be7 Re8 25. Nxa7 Rb8 26. Bh4 Bd5 27. Rad1 Nb2 28. Rd2 Bxb3 29. axb3 Nc5 30. Rxb2 Nd3 31. Rbe2 Nxe1 32. Rxe1 Rxb3 33. Nc6 Rc3 34. Ne5 Rec8 35. Bf6 Rc1 36. Kf1 Rxe1+ 37. Kxe1 Rc2 38. g4 h6 39. Kf1 Ra2 40. h4 Rc2 41. Kg2 Ra2 42. Kg3 Ra3+ 43. f3 Ra4 44. Nd3 Ra3 45. Nc5 Ra5 46. Ne4 Kf8 47. Nd6 Kg8 48. Nc4 Rc5 49. Ne5 Ra5 50. h5 gxh5 51. gxh5 Rb5 52. Kh4 Rb4+ 53. Ng4 Kh7 54. Kg3 Rb5 55. Be5 Ra5 56. Nf6+ Kg7 57. f4 Ra3+ 58. Kg4 Ra2 59. Nd5+ Kh7 60. Nf6+ Kg7 61. Kf3 Ra3+ 62. Ke4 Ra4+ 63. Kd3 Ra3+ 64. Kd4 Ra5 65. Ng4+ Kh7 66. Nf6+ Kg7 67. Kc4 Ra2 68. Kc5 Ra6 69. Kb5 Ra2 70. Kc6 Ra6+ 71. Kd7 Ra7+ 72. Ke8 Ra8+ 73. Ke7 Ra7+ 74. Nd7+ Kg8 75. Bd4 Rb7 76. Ke8 Rb5 77. Nf6+ Kg7 78. Ng4+ Kg8 79. Be5 f5 80. Nxh6+ Kh7 81. Nf7 Rb7 82. Kf8 Ra7 83. Bf6 Ra4 84. Bg5 Ra7 85. Ke8 Rb7 86. Nd8 Rb6 87. Kf7 1-0

[Event "Titled Tuesday intern op 26th Sep Early"]
[Site "Chess.com INT"]
[Date "2023.09.26"]
[Round "5"]
[White "Rosenberg, Evan"]
[Black "Song, Raymond"]
[Result "0-1"]
[WhiteElo "1883"]
[BlackElo "2516"]
[PlyCount "164"]
[EventDate "2023.09.26"]
[EventType "swiss (blitz)"]
[EventRounds "11"]
[EventCountry "USA"]
[SourceTitle "EXT 2024"]
[Source "ChessBase"]
[SourceDate "2023.10.10"]
[SourceVersion "1"]
[SourceVersionDate "2023.10.10"]
[SourceQuality "1"]

1. Nf3 d5 2. d4 Nf6 3. c3 e6 4. Bg5 c5 5. Nbd2 Nc6 6. e3 Be7 7. Bd3 Qb6 8. Qc2 Bd7 9. 0-0 Rc8 10. Qb1 h6 11. Bh4 g5 12. Bg3 Nh5 13. Be5 Rg8 14. Bh7 Rf8 15. Nb3 c4 16. Nbd2 g4 17. Ne1 Nxe5 18. dxe5 Bg5 19. Nc2 Ke7 20. Nd4 f5 21. exf6+ Nxf6 22. Bc2 h5 23. f4 gxf3 24. N2xf3 Bxe3+ 25. Kh1 Qd6 26. Re1 Bxd4 27. Nxd4 Kd8 28. Qc1 e5 29. Nf5 Bxf5 30. Bxf5 Rc7 31. Qh6 Rcf7 32. Rad1 Kc7 33. Qe3 b6 34. h3 Re7 35. b3 cxb3 36. axb3 Qc5 37. Qh6 Ree8 38. b4 Qe7 39. b5 Kb8 40. c4 d4 41. Be4 Nxe4 42. Rxe4 Rf5 43. Rdxd4 Ref8 44. Rd1 Qf7 45. Qd6+ Qc7 46. Qxc7+ Kxc7 47. Rde1 Rf1+ 48. Rxf1 Rxf1+ 49. Kh2 Rf5 50. g4 hxg4 51. hxg4 Rg5 52. Kg3 Kd6 53. Kh4 Rg8 54. Kh5 Ke6 55. Re1 Rh8+ 56. Kg5 Rc8 57. Re4 Rg8+ 58. Kh4 Kf6 59. Re1 Rc8 60. Rf1+ Ke6 61. Rc1 Rh8+ 62. Kg5 Rg8+ 63. Kh4 e4 64. g5 Kf5 65. Rf1+ Ke5 66. Kg4 e3 67. Rf5+ Ke4 68. Rf4+ Kd3 69. Rf7 e2 70. Re7 Rg7 71. Re6 Rc7 72. g6 Rxc4+ 73. Kf5 Rc5+ 74. Kf6 Rc1 75. g7 Rf1+ 76. Ke7 e1Q 77. Rxe1 Rxe1+ 78. Kf7 Rg1 79. g8Q Rxg8 80. Kxg8 Kc4 81. Kf7 Kxb5 82. Ke6 a5 0-1

[Event "Asian Games"]
[Site "Hangzhou"]
[Date "2023.09.24"]
[Round "1"]
[White "Song, Raymond"]
[Black "Wei, Yi"]
[Result "1/2-1/2"]
[WhiteElo "2516"]
[BlackElo "2726"]
[PlyCount "95"]
[EventDate "2023.09.24"]
[EventType "swiss (rapid)"]
[EventRounds "9"]
[EventCountry "CHN"]
[SourceTitle "CBM 216 Extra"]
[Source "ChessBase"]
[SourceDate "2023.11.30"]
[SourceVersion "1"]
[SourceVersionDate "2023.11.30"]
[SourceQuality "1"]

1. e4 c5 2. Nf3 d6 3. Bb5+ Nd7 4. 0-0 a6 5. Bxd7+ Bxd7 6. c3 Nf6 7. Re1 e6 8. d4 Be7 9. e5 dxe5 10. dxe5 Nd5 11. c4 Nb6 12. Qe2 Bc6 13. Nc3 0-0 14. Ne4 Nd7 15. b3 b5 16. Bb2 Qc7 17. Rad1 Bxe4 18. Qxe4 Rad8 19. Bc3 Nb8 20. h4 h6 21. h5 Nc6 22. Qe2 Qb6 23. Rxd8 Rxd8 24. Rd1 b4 25. Rxd8+ Qxd8 26. Bb2 a5 27. Kh2 Qd7 28. Qe4 a4 29. bxa4 Na5 30. Bc1 Qc6 31. Qxc6 Nxc6 32. Be3 Kf8 33. Kg3 Ke8 34. Kf4 Kd7 35. Ke4 Na5 36. Nd2 Kc6 37. Kd3 Kb6 38. Nb3 Nc6 39. Ke4 Na5 40. Kd3 Nc6 41. f4 g6 42. g4 gxh5 43. gxh5 Bf8 44. Ke4 Na5 45. Kd3 Nc6 46. Ke4 Na5 47. Nd2 Nb7 48. Nb3 1/2-1/2

[Event "Abu Dhabi op 29th"]
[Site "Abu Dhabi"]
[Date "2023.08.23"]
[Round "8"]
[White "Niemann, Hans Moke"]
[Black "Song, Raymond"]
[Result "1-0"]
[WhiteElo "2660"]
[BlackElo "2512"]
[PlyCount "81"]
[EventDate "2023.08.16"]
[EventType "swiss"]
[EventRounds "9"]
[EventCountry "UAE"]
[SourceTitle "CBM 216 Extra"]
[Source "ChessBase"]
[SourceDate "2023.11.30"]
[SourceVersion "1"]
[SourceVersionDate "2023.11.30"]
[SourceQuality "1"]

1. d4 Nf6 2. c4 e6 3. Nf3 d5 4. g3 dxc4 5. Bg2 c5 6. 0-0 Nc6 7. Qa4 Bd7 8. Qxc4 b5 9. Qd3 c4 10. Qc2 Rc8 11. e4 Be7 12. Qe2 0-0 13. Rd1 Na5 14. d5 exd5 15. e5 Ne8 16. Rxd5 Nc7 17. Rd1 Qe8 18. Be3 Nc6 19. Nc3 Bg4 20. Bf4 b4 21. Ne4 Ne6 22. Qe3 Rd8 23. Nd6 Bxd6 24. exd6 Nxf4 25. Qxf4 Bxf3 26. Bxf3 Ne5 27. Be4 Qe6 28. Bd5 Qf6 29. Qxf6 gxf6 30. f4 Ng4 31. Bc6 Ne3 32. Rd2 Rb8 33. d7 Rfd8 34. Re1 c3 35. bxc3 bxc3 36. Rd3 Nf5 37. Rxc3 Nd4 38. Ba4 Kg7 39. Kf1 Ne6 40. f5 Nf8 41. Rc7 1-0

[Event "Abu Dhabi op 29th"]
[Site "Abu Dhabi"]
[Date "2023.08.22"]
[Round "7"]
[White "Song, Raymond"]
[Black "Murzin, Volodar"]
[Result "1/2-1/2"]
[WhiteElo "2512"]
[BlackElo "2631"]
[PlyCount "61"]
[EventDate "2023.08.16"]
[EventType "swiss"]
[EventRounds "9"]
[EventCountry "UAE"]
[SourceTitle "CBM 216 Extra"]
[Source "ChessBase"]
[SourceDate "2023.11.30"]
[SourceVersion "1"]
[SourceVersionDate "2023.11.30"]
[SourceQuality "1"]

1. d4 Nf6 2. c4 g6 3. g3 c6 4. Bg2 d5 5. cxd5 cxd5 6. Nf3 Bg7 7. 0-0 0-0 8. Ne5 Ne4 9. Nc3 Nxc3 10. bxc3 Nc6 11. Nxc6 bxc6 12. Qa4 Qb6 13. Ba3 Qa6 14. Qxa6 Bxa6 15. Rfb1 Rfb8 16. Bxe7 Bxe2 17. Bd6 Rxb1+ 18. Rxb1 Bd3 19. Rb8+ Rxb8 20. Bxb8 Bc4 21. Bxa7 Bxa2 22. Bc5 Bc4 23. Bf3 Bh6 24. Bg4 f5 25. Bd1 Bd2 26. Bb4 Kf7 27. f4 g5 28. fxg5 Bxg5 29. Ba4 Bb5 30. Bc2 Kf6 31. Kf2 1/2-1/2

[Event "Abu Dhabi op 29th"]
[Site "Abu Dhabi"]
[Date "2023.08.20"]
[Round "5"]
[White "Song, Raymond"]
[Black "Panesar, Vedant"]
[Result "1-0"]
[WhiteElo "2512"]
[BlackElo "2391"]
[PlyCount "127"]
[EventDate "2023.08.16"]
[EventType "swiss"]
[EventRounds "9"]
[EventCountry "UAE"]
[SourceTitle "CBM 216 Extra"]
[Source "ChessBase"]
[SourceDate "2023.11.30"]
[SourceVersion "1"]
[SourceVersionDate "2023.11.30"]
[SourceQuality "1"]

1. c4 Nf6 2. Nf3 e6 3. g3 d5 4. Bg2 dxc4 5. Qa4+ Bd7 6. Qxc4 c5 7. Ne5 Qc8 8. Qd3 Nc6 9. Nxd7 Nxd7 10. b3 Be7 11. Nc3 0-0 12. Bb2 Nf6 13. Rd1 Rd8 14. Qb1 Nd5 15. Ne4 Qd7 16. 0-0 Rac8 17. d3 b6 18. Qa1 Bf8 19. Rd2 h6 20. Rfd1 f5 21. Nc3 Nxc3 22. Bxc3 Qf7 23. e3 Be7 24. h4 Rd7 25. Bf3 Kf8 26. Kg2 Bf6 27. h5 Bxc3 28. Qxc3 Ne7 29. Qb2 Rcd8 30. b4 cxb4 31. Qxb4 Kg8 32. Qb2 Nd5 33. Rc1 Nf6 34. Qe5 Rd6 35. d4 Nxh5 36. Bxh5 Qxh5 37. Rc7 Qg6 38. Rxa7 Rd5 39. Qc7 Kh7 40. Rb2 b5 41. Rb7 R8d7 42. Qxd7 Rxd7 43. Rxd7 f4 44. exf4 Qe4+ 45. Kh2 Qc6 46. Re7 Qd5 47. Rc2 Qf3 48. Rec7 Qh5+ 49. Kg2 Qd5+ 50. Kg1 Qxd4 51. R7c5 b4 52. Kh2 Qd3 53. Rb2 Qd4 54. Rcc2 Qd3 55. Re2 Qf3 56. Re3 Qh5+ 57. Kg1 Qd1+ 58. Kg2 Qd5+ 59. f3 h5 60. Re5 Qd4 61. Rxh5+ Kg8 62. Re2 Kf7 63. Rhe5 Qc4 64. Rxe6 1-0

[Event "Budapest Vezerkepzo GM 10"]
[Site "Budapest"]
[Date "2022.10.14"]
[Round "2"]
[White "Song, Raymond"]
[Black "Varga, Zoltan"]
[Result "1-0"]
[WhiteElo "2483"]
[BlackElo "2401"]
[PlyCount "61"]
[EventDate "2022.10.13"]
[EventType "tourn"]
[EventRounds "9"]
[EventCountry "HUN"]
[EventCategory "7"]
[SourceTitle "CBM 210 Extra"]
[Source "ChessBase"]
[SourceDate "2022.11.30"]
[SourceVersion "1"]
[SourceVersionDate "2022.11.30"]
[SourceQuality "1"]

1. e4 Nf6 2. e5 Nd5 3. d4 d6 4. Nf3 Nb6 5. a4 a5 6. Nc3 Bg4 7. h3 Bh5 8. g4 Bg6 9. Bg5 Na6 10. Nh4 dxe5 11. Nxg6 hxg6 12. dxe5 Qxd1+ 13. Rxd1 Nb4 14. Nb5 Rc8 15. c3 Nc6 16. e6 fxe6 17. b3 Ne5 18. Bg2 c6 19. Nd4 Kf7 20. f4 Ned7 21. c4 Nc5 22. 0-0 Nbd7 23. Nf3 Ke8 24. Ne5 Nxe5 25. fxe5 Rd8 26. Rxd8+ Kxd8 27. Rf3 Kc7 28. Re3 Kb6 29. Kf2 Nd7 30. Ke2 Kc5 31. Kd3 1-0